000 00443nam a22001697a 4500
005 20260414112527.0
008 260414b |||||||| |||| 00| 0 eng d
020 _a978-81-203-2676-7
050 _aQA805 .R36 2025
_bC.1
100 _aRao, k. sankara
245 _aCLASSICAL MECHANICS
260 _aDELHI
_bPHI LEARNING PRIVATE LIMITED
_c2025
300 _a399P
500 _aINCLUDES INDEX
700 _aRAO,K. SANKARA
942 _2lcc
_cBK
999 _c216943
_d216943